各省答对率最高/低的县级行政区 华北部分 Most famous/unknown counties in East China - Statistics

General Stats
  • This quiz has been taken 25 times
  • The average score is 10 of 20
Answer Stats
省区 % Correct
北京 延庆区|平谷区
85%
河北 三河市
75%
天津 津南区|宁河区
70%
河北 大厂回族自治县
70%
河北 香河县
65%
河南 新郑市
60%
河南 二七区
55%
河南 管城回族区
50%
河北 山海关区
45%
河南 济源市
45%
河南 襄城县|北关区|川汇区|商水县|平舆县|山阳区|卫滨区|新华区|凤泉区|石龙区|龙安区|召陵区|柘城县|卫东区|湛河区|正阳县
45%
河北 正定县
40%
河北 曹妃甸区
40%
河南 金水区
40%
山西 小店区
40%
山西 矿区
40%
山西 郊区
40%
山西 城区
35%
河北 顺平县|高阳县|复兴区|邱县|广宗县|临西县|隆尧县|宁晋县|安平县|阜城县|南和区|柏乡县|曲周县|内丘县|成安县|新河县|平乡县
20%
山西 陵川县|蒲县|交口县|静乐县|屯留区|万荣县|平顺县|浮山县|垣曲县|安泽县|黎城县|永和县
20%
No matching quizzes found
Score Distribution
Percent of People with Each Score
Percentile by Number Answered
Your Score History
You have not taken this quiz